00453nam a2200145Ia 4500100003200000942000700032654001600039245004100055260005000096082001800146300000800164546001200172999001700184952010600201 aTheraja/B.L./ Theraja/A.K.  cBK aEngineering aA Text Book Of Electrical Technology bNirja construction and devptaNew Delhic1993 a621.3THEbTHE a592 aENGLISH c24728d24728 001040708CRCaCRCEbCRCEc1466 | 21d2023-03-17l0o621.3THE THEp8581r2023-03-17w2023-03-17yBK